Squadre che iniziano con la A - Statistics

Statistiche generali
  • Questo quiz è stato fatto 57 volte
  • Il punteggio medio è 15 su 24
Statistiche sulle risposte
con Immagini Risposta % Corretto
Arsenal
96%
Atalanta
96%
Atlético Madrid
96%
Ajax
92%
Aston Villa
92%
Amburgo
82%
Al-Nassr
80%
Anderlecht
78%
Ajaccio
73%
A.E.K.
71%
APOEL
71%
Auxerre
65%
Almeria
61%
Alavés
57%
Atlético Mineiro
53%
Athletico Bilbao
51%
Angers
47%
Austria Vienna
43%
Arminia Bielefeld
41%
Aberdeen
35%
Augusta
35%
Aalborg
31%
Athletico Paranaense
16%
Argentinos Juniors
12%
Nessun quiz corrispondente trovato
Distribuzione punteggi
Percentuale di utenti per punteggio
Percentile per numero di risposta
I tuoi punteggi nel tempo
Non hai fatto questo quiz